000 00250nam a22001097a 4500
082 _a150/HOU
100 _aHousel,Morgan
_983425
245 _aThe Art Of Spending Money
260 _aBritain
_bHarriman House
_c2025
650 _aPsychology
942 _cBK
999 _c68679
_d68679